| 000 | 01117nam a22003137a 4500 | ||
|---|---|---|---|
| 003 | CHAP | ||
| 005 | 20220817041815.0 | ||
| 008 | 971013s1982 r 00010 d | ||
| 010 | _a25122 | ||
| 011 | _a26094 | ||
| 035 | _a30194 | ||
| 040 | _cCHAP | ||
| 082 |
_a338.18098 _bI53 |
||
| 110 | _aInstituto Interamericano de Cooperación para la Agricultura | ||
| 245 | _aInforme de la segunda reunión ordinaria del Comité ejecutivo | ||
| 260 |
_aSan José, C.R. : _bInstituto Interamericano de Cooperación para la Agricultura, _c1982 |
||
| 300 | _a193 p | ||
| 490 |
_aSerie documentos oficiales _v; 25 |
||
| 590 |
_aBATCH-UPD _b10 _c20130110 _lUCH01 _h1907 |
||
| 590 |
_aBATCH-UPD _b10 _c20130410 _lUCH01 _h1234 |
||
| 590 |
_aBATCH-UPD _b10 _c20130914 _lUCH01 _h1851 |
||
| 590 |
_aCONVERSION _b10 _c20130109 _lUCH01 _h1315 |
||
| 650 | 1 | 4 |
_aOrganismos Internacionales Agrícolas. _983526 |
| 650 | 1 | 4 |
_aPolítica agrícola _zAmérica Latina. _990380 |
| 830 | 0 |
_aSerie documentos oficiales _v; 25 _9104829 |
|
| 901 | _aBK | ||
| 942 | _cLIBRO | ||
| 949 |
_a338.18098 I53 _bBC _cLIBRO _d33724000109237 _eLIBRO _h61967 _i30194 _si |
||
| 999 |
_c25122 _d25122 |
||